| 000 | 00948cam a22002775a 4500 | ||
|---|---|---|---|
| 001 | 13316921 | ||
| 005 | 20160831155650.0 | ||
| 008 | 030819s2004 enka frb 001 0 eng d | ||
| 020 | _a9781900650731 | ||
| 040 |
_aDLC _beng _cDLC _dEG-ScBUE |
||
| 082 | 0 | 4 |
_222 _a306.0244 _bKAT |
| 100 | 1 |
_aKatan, David. _940315 |
|
| 245 | 1 | 0 |
_aTranslating cultures : _ban introduction for translators, interpreters, and mediators / _cDavid Katan. |
| 250 | _a2nd ed. | ||
| 260 |
_aOxon ; _aNew York : _bRoutledge / Taylor & Francis Group, _c2004. |
||
| 300 |
_avii, 380 p. : _bill. ; _c25 cm. |
||
| 500 | _aIndex : p. 359-380. | ||
| 504 | _aBibliography : p. [341]-358. | ||
| 650 | 7 |
_aIntercultural communication. _2BUEsh _912028 |
|
| 650 | 7 |
_aTranslating and interpreting. _2BUEsh _939247 |
|
| 650 | 7 |
_aLanguage and culture. _2BUEsh _941003 |
|
| 651 | _2BUEsh | ||
| 653 |
_bEEENG _cJune2016 |
||
| 653 |
_bHHUUEENN _cAugust 2016 |
||
| 942 |
_2ddc _e22 _k306.0244 KAT |
||
| 999 |
_c21950 _d21922 |
||